Spokojnosť zákazníka a metódy jej merania metódy

Salvato in:
Dettagli Bibliografici
Autore principale: Mateides, Alexander
Altri autori: Ďaďo, Jaroslav
Natura: Libro
Lingua:slovacco
Pubblicazione: Bratislava Ing. Miroslav Mračko 2000
Soggetti:
Tags: Aggiungi Tag
Nessun Tag, puoi essere il primo ad aggiungerne!!

MARC

LEADER 00000nam a2200000 4500
001 c127848
005 20221123133453.9
020 |a 80-8057-224-0 
041 0 |a slo 
044 |a SK 
245 1 0 |a Spokojnosť zákazníka a metódy jej merania  |b metódy  |c Alexander Mateides, Jaroslav Ďaďo 
264 1 |a Bratislava  |b Ing. Miroslav Mračko  |c 2000 
300 |a 255 s. 
610 2 0 |a zákazníci 
610 2 0 |a marketing 
610 2 0 |a výskum trhu 
610 2 0 |a metódy 
610 2 0 |a väzba spätná 
610 2 0 |a rozhovor 
610 2 0 |a dotazníky 
610 2 0 |a analýzy 
100 1 |a Mateides, Alexander 
700 1 |a Ďaďo, Jaroslav